| 000 | 00714nam a2200217Ia 4500 | ||
|---|---|---|---|
| 999 |
_c41273 _d41273 |
||
| 001 | 7928 | ||
| 003 | GE_BSU | ||
| 005 | 20221003115012.0 | ||
| 008 | 181216sru 2012xx |||||||||||||| ||rus|| | ||
| 020 | _a9785459004823 | ||
| 040 | _cGE_BSU | ||
| 041 | _arus | ||
| 080 | _a615.851 K-49 | ||
| 245 |
_aКлиническая психология и психотерапия / _cПод ред.М.Перре |
||
| 264 |
_aСПБ : _bПитер, _c2012. |
||
| 300 |
_a944 стр.: _bилл; _c25 см. |
||
| 653 | _aКлиническая психология и психотерапия | ||
| 653 | _aფსიქოლოგია | ||
| 700 |
_aПерре, М _eრედაქტორი _914952 |
||
| 942 |
_cBK _2udc |
||